José, padre nutricio de Jesús / (Record no. 116327)

MARC details
000 -LEADER
campo de control de longitud fija 00521nam a2200169 4500
001 - NÚMERO DE CONTROL
campo de control 116327
003 - IDENTIFICADOR DE NÚMERO DE CONTROL
campo de control ES-MaACL
005 - FECHA Y HORA DE LA ÚLTIMA TRANSACCIÓN
campo de control 20230906190702.0
007 - CAMPO FIJO DE DESCRIPCIÓN FÍSICA--INFORMACIÓN GENERAL
campo de control de longitud fija t|
008 - DATOS DE LONGITUD FIJA--INFORMACIÓN GENERAL
campo de control de longitud fija 061121s1960 sp r ||||1| spa d
100 1# - ENTRADA PRINCIPAL--NOMBRE DE PERSONA
Nombre de persona Patsch, Joseph.
9 (RLIN) 89601
245 10 - MENCIÓN DEL TÍTULO
Título José, padre nutricio de Jesús /
Mención de responsabilidad, etc. Joseph Patsch ; versión española por S. Folgado Flórez.
260 ## - PUBLICACIÓN, DISTRIBUCIÓN, ETC.
Lugar de publicación, distribución, etc. Barcelona :
Nombre del editor, distribuidor, etc. Herder,
Fecha de publicación, distribución, etc. 1960.
300 ## - DESCRIPCIÓN FÍSICA
Extensión 154 p. ;
Dimensiones 18 cm +
Material acompañante/anejo 1 map.
700 1# - ENTRADA AGREGADA--NOMBRE PERSONAL
Nombre de persona Folgado Flórez, F.
9 (RLIN) 51463
852 ## - LOCALIZACIÓN
Ubicación ES-MaACL
Número de control de estantería C-19487
Sublocalización o colección R.46444
Holdings
Estatus retirado Estado de pérdida Estado de daño No para préstamo Biblioteca de origen Biblioteca actual Ubicación en estantería Fecha de adquisición Fuente de adquisición Total de préstamos Signatura topográfica completa Código de barras Visto por última vez Precio de reemplazo Tipo de ítem Koha
        Biblioteca del Ateneo de Madrid Biblioteca del Ateneo de Madrid Galería 17/01/2008     C-19487 1121304 23/02/2023 23/02/2023 Libro impreso